Corporate governance of sustainability : a co-evolutionary view on resource management

Saved in:
Bibliographic Details
Other Authors: Bleischwitz, Raimund (Editor)
Format: Book
Language:English
Published: Cheltenham : Edward Elgar, 2007
Series:ESRI studies series on the environment
Subjects:
Tags: Add Tag
No Tags, Be the first to tag this record!

MARC

LEADER 00000nam a2200000 i 4500
001 1/90781
008 080709s2007 eng d
020 |a 978-1-84720-228-4 
035 |l 10098842 
040 |a GR-MY-UA  |b gre  |e aacr 
041 0 |a eng 
082 0 |a 658.408  |2 (22) 
245 1 0 |a Corporate governance of sustainability :  |b a co-evolutionary view on resource management /  |c edited by Raimund Bleischwitz 
260 |a Cheltenham :   |b Edward Elgar,   |c 2007 
300 |a viii, 279 σ.;  |b πίν., σχ. ;  |c 24 εκ. 
490 1 |a ESRI studies series on the environment 
504 |a Βιβλιογραφία: σ. 246-267 
504 |a Ευρετήριο: σ. 268-279 
650 0 0 |a Corporate governance. 
650 0 0 |a Corporate governance  |x Case studies. 
650 0 0 |a Sustainable development. 
650 0 0 |a Sustainable development  |x Case studies. 
700 1 |a Bleischwitz, Raimund.  |4 edt 
830 0 |a ESRI studies series on the environment 
852 |a INST  |b LESVOS  |e 20080709  |h 658.408 COR  |p 005100042707  |q 005100042707  |t BK  |y 0 
901 |a BIBL1-2008-2 
909 |a Λ  |b 143366 
922 |a 1ΕΛΗ  |b 200712  |c ΕΠΕΑΕΚ2/ΤΠ  |d ΕΛΕΥΘΕΡΟΥΔΑΚΗΣ 
970 |a ΧΑΤΖΗΜΙΧΑΗΛ  |b ΜΑΡΙΑ  |z 2008/07/09